Housing subsidies manual: housing subsides act 1967 (Record no. 414033)

000 -LEADER
fixed length control field 00467cam a22001217a 4500
008 - FIXED-LENGTH DATA ELEMENTS--GENERAL INFORMATION
fixed length control field 180718b1967 xxu||||| |||| 00| 0 eng d
082 ## - DEWEY DECIMAL CLASSIFICATION NUMBER
Classification number XA044x42 Un3
245 ## - TITLE STATEMENT
Title Housing subsidies manual: housing subsides act 1967
Statement of responsibility, etc. by Ministry Of Housing And Local Government
260 ## - PUBLICATION, DISTRIBUTION, ETC.
Place of publication, distribution, etc. London
Name of publisher, distributor, etc. Her Majesty's Stationery Office
Date of publication, distribution, etc. 1967
300 ## - PHYSICAL DESCRIPTION
Extent 92p
650 ## - SUBJECT ADDED ENTRY--TOPICAL TERM
Topical term or geographic name entry element Housing --Finance --Law and legislation --Great Britain
700 ## - ADDED ENTRY--PERSONAL NAME
Personal name U.K. Ministry Of Housing And Local Government
Holdings
Withdrawn status Lost status Damaged status Not for loan Permanent Location Current Location Date acquired Full call number Barcode Date last seen Price effective from Koha item type
        Indian Institute of Public Administration Indian Institute of Public Administration 2009-02-20 XA044x42 Un3 DA1253 2018-07-21 2018-07-21 DA

Powered by Koha